[Event "25th European Teams"]
[Site "Batumi GEO"]
[Date "2025.10.05"]
[Round "1.16"]
[Board "2"]
[White "Livaic, Leon"]
[Black "Apol, Luitjen Akselsson"]
[Result "1-0"]
[WhiteTitle "GM"]
[BlackTitle "FM"]
[WhiteElo "2551"]
[BlackElo "2318"]
[WhiteTeam "Croatia"]
[BlackTeam "Faroe Islands"]
[WhiteFideId "14531534"]
[BlackFideId "7202466"]
[EventDate "2025.10.05"]

1. e4 c5 2. Nf3 d6 3. d4 cxd4 4. Nxd4 Nf6 5. Nc3 a6 6. Bd3 e5 7. Nde2 Be7 8. O-O
O-O 9. h3 b5 10. a3 Nbd7 11. Ng3 Nb6 12. f4 exf4 13. Bxf4 Be6 14. Kh1 Rc8 15.
Qd2 Nfd7 16. Nd5 Bxd5 17. exd5 g6 18. Bh6 Re8 19. Qf2 Ne5 20. Rae1 Nbd7 21. Nf5
Bf8 22. Bxf8 Rxf8 23. Nxd6 Rc7 24. Qd4 Nxd3 25. cxd3 f5 26. b4 Nf6 27. Re6 Rc2
28. Rfe1 f4 29. Qxf4 Nxd5 30. Qe5 Nf6 31. Re7 Qa8 32. Rb7 Nh5 33. Qd5+ Kh8 34.
Nf7+ 1-0

[Event "25th European Teams"]
[Site "Batumi GEO"]
[Date "2025.10.05"]
[Round "1.16"]
[Board "3"]
[White "Egilstoft, Rogvi"]
[Black "Martinovic, Sasa"]
[Result "0-1"]
[WhiteTitle "FM"]
[BlackTitle "GM"]
[WhiteElo "2304"]
[BlackElo "2553"]
[WhiteTeam "Faroe Islands"]
[BlackTeam "Croatia"]
[WhiteFideId "7200447"]
[BlackFideId "14509792"]
[EventDate "2025.10.05"]

1. e4 e6 2. d3 d5 3. Nd2 Nf6 4. Ngf3 c5 5. g3 Nc6 6. Bg2 Be7 7. O-O O-O 8. c3
Qc7 9. Re1 b5 10. e5 Nd7 11. d4 a5 12. h4 Ba6 13. h5 cxd4 14. cxd4 Nb4 15. h6
Nc2 16. hxg7 Rfc8 17. Rb1 b4 18. Nf1 Nxe1 19. Nxe1 Qc4 20. Bh6 Qe2 21. Ne3 Nb6
22. Qxe2 Bxe2 23. f3 a4 24. Kf2 Bc4 25. Nxc4 Rxc4 26. Bf1 Rxd4 27. Nc2 Bc5 28.
Nxd4 Bxd4+ 29. Be3 Bxe3+ 30. Kxe3 Rc8 31. Bd3 Nc4+ 32. Bxc4 Rxc4 33. Rd1 Kxg7
34. Rd4 Kg6 35. Kd3 Rxd4+ 36. Kxd4 Kf5 37. b3 axb3 38. axb3 h5 39. g4+ hxg4 40.
fxg4+ Kxg4 41. Kc5 Kf4 42. Kxb4 d4 0-1

[Event "25th European Teams"]
[Site "Batumi GEO"]
[Date "2025.10.05"]
[Round "1.16"]
[Board "4"]
[White "Stevic, Hrvoje"]
[Black "Poulsen, Martin"]
[Result "1/2-1/2"]
[WhiteTitle "GM"]
[BlackTitle "FM"]
[WhiteElo "2522"]
[BlackElo "2276"]
[WhiteTeam "Croatia"]
[BlackTeam "Faroe Islands"]
[WhiteFideId "14502569"]
[BlackFideId "7200315"]
[EventDate "2025.10.05"]

1. e4 e6 2. d4 d5 3. e5 c5 4. c3 Bd7 5. Nf3 Qb6 6. Be2 Bb5 7. Bxb5+ Qxb5 8. Na3
Qd7 9. Nc2 cxd4 10. cxd4 Nc6 11. h4 Nb4 12. O-O Nxc2 13. Qxc2 Rc8 14. Qd3 Ne7
15. Bd2 Nc6 16. Rfc1 Be7 17. h5 h6 18. b4 O-O 19. b5 Nb8 20. Nh2 Rxc1+ 21. Rxc1
Rc8 22. Ng4 Rxc1+ 23. Bxc1 Qc8 24. Bd2 Nd7 25. Qc3 Qxc3 26. Bxc3 Nb6 27. Ne3 Na4
28. Be1 Ba3 29. Nd1 Nb2 30. Ne3 Na4 31. Nd1 Nb2 32. Ne3 Na4 33. Nd1 Nb2 1/2-1/2

[Event "25th European Teams"]
[Site "Batumi GEO"]
[Date "2025.10.05"]
[Round "1.17"]
[Board "1"]
[White "Horvath, Dominik"]
[Black "Saraci, Nderim"]
[Result "1/2-1/2"]
[WhiteTitle "GM"]
[BlackTitle "IM"]
[WhiteElo "2558"]
[BlackElo "2445"]
[WhiteTeam "Austria"]
[BlackTeam "Kosovo"]
[WhiteFideId "1642561"]
[BlackFideId "6351921"]
[EventDate "2025.10.05"]

1. e4 e5 2. Nf3 Nc6 3. Bb5 a6 4. Ba4 Nf6 5. O-O Be7 6. Re1 b5 7. Bb3 O-O 8. a4
Rb8 9. axb5 axb5 10. Nc3 d6 11. Nd5 Nxd5 12. exd5 Nd4 13. Nxd4 exd4 14. d3 Bf6
15. Bd2 Bd7 16. Ra5 Re8 17. Rxe8+ Qxe8 18. Qe1 Qc8 19. Qa1 h5 20. h3 Bxh3 21. f3
Bd7 22. Ra7 Rb7 23. Ra8 Rb8 24. Ra7 Rb7 25. Ra8 Rb8 1/2-1/2

[Event "25th European Teams"]
[Site "Batumi GEO"]
[Date "2025.10.05"]
[Round "1.17"]
[Board "2"]
[White "Uruci, Endrit"]
[Black "Dragnev, Valentin"]
[Result "0-1"]
[WhiteTitle "FM"]
[BlackTitle "GM"]
[WhiteElo "2347"]
[BlackElo "2539"]
[WhiteTeam "Kosovo"]
[BlackTeam "Austria"]
[WhiteFideId "22100199"]
[BlackFideId "1634852"]
[EventDate "2025.10.05"]

1. e4 c5 2. Nf3 e6 3. d4 cxd4 4. Nxd4 Nc6 5. Nc3 a6 6. Be2 d6 7. Be3 Nf6 8. O-O
Be7 9. f4 Qc7 10. Bf3 O-O 11. Qd3 Bd7 12. Rae1 Rad8 13. Kh1 b5 14. a3 Rfe8 15.
h3 Nxd4 16. Qxd4 e5 17. Qd2 exf4 18. Bxf4 Bc6 19. Nd5 Bxd5 20. exd5 Nd7 21. Qf2
Bf6 22. Rxe8+ Rxe8 23. Re1 Rxe1+ 24. Qxe1 Be5 25. Qe4 Bxf4 26. Qxf4 Ne5 27. c3
g6 28. Qd4 Nc4 29. Be2 Nxb2 30. Qb4 Nc4 31. a4 Qc5 32. Qxc5 dxc5 33. axb5 axb5
34. Bxc4 bxc4 35. g4 g5 36. Kg2 Kf8 37. Kf3 Ke7 38. Ke3 Kd6 39. Ke4 h6 0-1

[Event "25th European Teams"]
[Site "Batumi GEO"]
[Date "2025.10.05"]
[Round "1.17"]
[Board "3"]
[White "Ragger, Markus"]
[Black "Asllani, Muhamet"]
[Result "1-0"]
[WhiteTitle "GM"]
[BlackTitle "CM"]
[WhiteElo "2567"]
[BlackElo "2251"]
[WhiteTeam "Austria"]
[BlackTeam "Kosovo"]
[WhiteFideId "1610856"]
[BlackFideId "22100300"]
[EventDate "2025.10.05"]

1. e4 e5 2. Nf3 Nf6 3. d4 Nxe4 4. dxe5 d5 5. Nbd2 Nc5 6. Be2 Be7 7. O-O O-O 8.
Re1 Nc6 9. Nf1 f6 10. exf6 Bxf6 11. Ng3 Be6 12. c3 Bf7 13. Be3 Ne6 14. Bd3 d4
15. cxd4 Ncxd4 16. Nxd4 Bxd4 17. Qc2 h6 18. Rad1 c5 19. Bc4 Qb6 20. Bxh6 Bxf2+
21. Qxf2 Nd4 22. Bxg7 Kxg7 23. Re7 1-0

[Event "25th European Teams"]
[Site "Batumi GEO"]
[Date "2025.10.05"]
[Round "1.17"]
[Board "4"]
[White "Saraci, Korab"]
[Black "Blohberger, Felix"]
[Result "0-1"]
[WhiteTitle "CM"]
[BlackTitle "GM"]
[WhiteElo "2197"]
[BlackElo "2513"]
[WhiteTeam "Kosovo"]
[BlackTeam "Austria"]
[WhiteFideId "4701968"]
[BlackFideId "1632051"]
[EventDate "2025.10.05"]

1. e4 e6 2. Nc3 d5 3. Nf3 Nf6 4. exd5 exd5 5. d4 Bd6 6. Bg5 c6 7. Qd2 O-O 8. Be2
Bg4 9. h3 Bxf3 10. gxf3 Nbd7 11. O-O-O Qc7 12. Rdg1 Nh5 13. Nd1 Bf4 14. Ne3 Ndf6
15. Kb1 Bxg5 16. Rxg5 Nf4 17. Bd1 g6 18. c3 N6h5 19. Bc2 Kh8 20. h4 Rae8 21. a4
a6 22. c4 f6 23. Rg4 dxc4 24. Nxc4 Re2 25. Qb4 Rd8 26. Re1 Nd5 0-1

[Event "25th European Teams"]
[Site "Batumi GEO"]
[Date "2025.10.05"]
[Round "1.18"]
[Board "1"]
[White "Lortkipanidze, Nodar"]
[Black "Gurel, Ediz"]
[Result "0-1"]
[WhiteTitle "IM"]
[BlackTitle "GM"]
[WhiteElo "2371"]
[BlackElo "2634"]
[WhiteTeam "Georgia 4"]
[BlackTeam "Turkiye"]
[WhiteFideId "13604058"]
[BlackFideId "44507356"]
[EventDate "2025.10.05"]

1. e4 c5 2. Nf3 e6 3. d4 cxd4 4. Nxd4 Nc6 5. Nc3 a6 6. Nxc6 bxc6 7. Bd3 d5 8.
O-O Nf6 9. Qe2 Be7 10. b3 O-O 11. Bb2 d4 12. e5 dxc3 13. exf6 cxb2 14. fxe7 Qxe7
15. Rab1 Bb7 16. Rxb2 c5 17. Rbb1 Rfd8 18. Rbd1 Rd7 19. Bc4 Rd4 20. c3 Qg5 21.
f3 Rdd8 22. Rfe1 g6 23. Qe5 Qxe5 24. Rd3 Rd7 25. Rxd7 Rc8 26. Rd8+ Rxd8 27. Rxe5
Rc8 28. Kf2 Kf8 29. h4 Ke7 30. h5 Kd6 31. Re2 g5 32. h6 Rg8 33. Bd3 f5 34. Rd2
Ke7 35. Re2 Kd6 36. Rd2 Kc7 37. g4 Rf8 38. gxf5 exf5 39. Re2 Kd6 40. Rd2 Ke5 41.
Re2+ Kf4 42. Re7 Bxf3 43. Rxh7 Rd8 44. Be2 g4 45. Bxf3 g3+ 46. Ke2 Re8+ 47. Kf1
Kxf3 48. Rg7 Rd8 49. Ke1 g2 0-1

[Event "25th European Teams"]
[Site "Batumi GEO"]
[Date "2025.10.05"]
[Round "1.18"]
[Board "2"]
[White "Yilmaz, Mustafa"]
[Black "Makharadze, Jambul"]
[Result "1-0"]
[WhiteTitle "GM"]
[WhiteElo "2591"]
[BlackElo "2291"]
[WhiteTeam "Turkiye"]
[BlackTeam "Georgia 4"]
[WhiteFideId "6302718"]
[BlackFideId "13601369"]
[EventDate "2025.10.05"]

1. d4 d5 2. c4 e6 3. Nc3 Nf6 4. cxd5 exd5 5. Bg5 Be7 6. e3 O-O 7. Bd3 h6 8. Bh4
c6 9. Nge2 Nbd7 10. O-O Re8 11. a4 a5 12. f3 Nh5 13. Bf2 Bh4 14. e4 Bxf2+ 15.
Rxf2 Nb6 16. e5 g6 17. Qc2 Ng7 18. Raf1 Bf5 19. f4 Nc8 20. Nd1 Ne7 21. Ne3 h5
22. Ng3 Bxd3 23. Qxd3 h4 24. Ne2 Nef5 25. Nxf5 Nxf5 26. g4 hxg3 27. hxg3 Ng7 28.
f5 Qg5 29. f6 Ne6 30. Rh2 Nxd4 31. Nxd4 Rxe5 32. Nf3 Qe3+ 33. Qxe3 Rxe3 34. Rh3
Rae8 35. Rf2 Re2 36. Rxe2 Rxe2 37. Ng5 d4 38. Rh7 d3 39. Rg7+ Kf8 40. Rxf7+ Ke8
41. Rxb7 1-0

[Event "25th European Teams"]
[Site "Batumi GEO"]
[Date "2025.10.05"]
[Round "1.18"]
[Board "3"]
[White "Didmanidze, Tengiz"]
[Black "Can, Emre"]
[Result "1/2-1/2"]
[BlackTitle "GM"]
[WhiteElo "1995"]
[BlackElo "2552"]
[WhiteTeam "Georgia 4"]
[BlackTeam "Turkiye"]
[WhiteFideId "13611410"]
[BlackFideId "6302181"]
[EventDate "2025.10.05"]

1. e4 c5 2. Nf3 Nc6 3. d4 cxd4 4. Nxd4 g6 5. c4 Nf6 6. Nc3 Nxd4 7. Qxd4 d6 8.
Be2 Bg7 9. O-O O-O 10. Qd2 Be6 11. Rb1 Qa5 12. b3 Rfc8 13. Nd5 Qxd2 14. Bxd2
Bxd5 15. exd5 Ne4 16. Rfd1 a5 17. a4 Bc3 18. Be1 Bxe1 19. Rxe1 Nc5 20. Bd1 Rc7
21. Bc2 e5 22. dxe6 fxe6 23. Rbd1 Rd8 24. h4 Kg7 25. h5 gxh5 26. Re3 Kh6 27. Rd4
Rg7 28. Bd1 Rg5 29. Rh4 Rdg8 30. g4 e5 31. Reh3 Kg7 32. Rxh5 Rxh5 33. Rxh5 h6
34. f3 Rc8 35. Kf2 Rc6 36. Ke3 Rb6 37. Rh2 Rb4 38. Rd2 Nxb3 39. Rxd6 Nc5 40. Rd5
Rxc4 41. Be2 Rc2 42. Rxe5 b6 43. Bb5 Rc3+ 44. Kf4 Kf6 45. Rf5+ Kg7 46. Re5 Kf6
47. Rf5+ Kg7 1/2-1/2

[Event "25th European Teams"]
[Site "Batumi GEO"]
[Date "2025.10.05"]
[Round "1.18"]
[Board "4"]
[White "Sanal, Vahap"]
[Black "Diasamidze, Lulu"]
[Result "1-0"]
[WhiteTitle "GM"]
[WhiteElo "2538"]
[BlackElo "1839"]
[WhiteTeam "Turkiye"]
[BlackTeam "Georgia 4"]
[WhiteFideId "6300545"]
[BlackFideId "13623818"]
[EventDate "2025.10.05"]

1. e4 c5 2. Nc3 e6 3. Nf3 Nc6 4. d4 cxd4 5. Nxd4 Qc7 6. g3 a6 7. Bg2 Nf6 8. O-O
Nxd4 9. Qxd4 Bc5 10. Bf4 d6 11. Qd2 h6 12. Rad1 e5 13. Be3 Bb4 14. Nb5 axb5 15.
Qxb4 Rxa2 16. c3 O-O 17. Qxb5 Be6 18. Qb4 Ng4 19. Bc1 Bc4 20. Rfe1 Qc5 21. Qxc5
dxc5 22. f4 Re8 23. Bf3 Nf6 24. fxe5 Rxe5 25. Bf4 Re8 26. b4 cxb4 27. cxb4 Ra3
28. Kf2 Ra2+ 29. Kg1 Ra3 30. Bg2 Ng4 31. e5 g5 32. Bc1 Ra1 33. Bb2 Rxd1 34. Rxd1
Nxe5 35. Bxb7 Nd3 36. Bc3 f5 37. Bc6 Re2 38. b5 Rc2 39. Bd4 Nc1 40. b6 Ne2+ 41.
Kh1 Nxd4 42. Rxd4 Rc1+ 43. Kg2 Bf1+ 44. Kf2 Ba6 45. Bb5 Rc2+ 46. Ke1 Bc8 47. Bd3
Rc5 48. b7 Re5+ 49. Re4 Rxe4+ 50. Bxe4 Bxb7 51. Bxb7 Kf7 52. Ke2 Kf6 53. Bf3 Kg6
54. Bc6 Kf6 55. Be8 Ke5 56. Kd3 Kd5 57. Bh5 Ke5 58. h3 Kd5 59. g4 Ke5 60. Bg6
fxg4 61. hxg4 Kf4 62. Bh5 Ke5 63. Kc4 Ke4 64. Kc5 Ke5 65. Kc6 Ke6 66. Kc7 1-0

[Event "25th European Teams"]
[Site "Batumi GEO"]
[Date "2025.10.05"]
[Round "1.19"]
[Board "1"]
[White "Gorshtein, Ido"]
[Black "Waldhausen Gordon, Frederick"]
[Result "1/2-1/2"]
[WhiteTitle "GM"]
[BlackTitle "FM"]
[WhiteElo "2537"]
[BlackElo "2389"]
[WhiteTeam "Israel"]
[BlackTeam "Scotland"]
[WhiteFideId "2815532"]
[BlackFideId "2409143"]
[EventDate "2025.10.05"]

1. c4 b6 2. e4 Bb7 3. Nc3 e6 4. g3 Bb4 5. Nge2 f5 6. Bg2 Nf6 7. d3 O-O 8. O-O
fxe4 9. dxe4 d6 10. Qc2 Nbd7 11. h3 Bc5 12. Rb1 a5 13. a3 a4 14. Nf4 Qe8 15.
Nxa4 Rxa4 16. Qxa4 Bxe4 17. Bxe4 Nxe4 18. Kg2 e5 19. Nd5 Qf7 20. Be3 Qf3+ 21.
Kh2 Bxe3 22. Nxe3 Nxf2 23. Qxd7 Qxe3 24. Qe6+ Kh8 25. Qd5 Qe2 26. Qg2 h5 27.
Rbe1 Qxb2 28. Kg1 Qc3 29. Kh2 Qd2 30. Rd1 Qe3 31. Rde1 Qd2 32. Rd1 1/2-1/2

[Event "25th European Teams"]
[Site "Batumi GEO"]
[Date "2025.10.05"]
[Round "1.19"]
[Board "2"]
[White "Muir, Andrew J"]
[Black "Sokolovsky, Yahli"]
[Result "0-1"]
[WhiteTitle "IM"]
[BlackTitle "GM"]
[WhiteElo "2157"]
[BlackElo "2539"]
[WhiteTeam "Scotland"]
[BlackTeam "Israel"]
[WhiteFideId "2400138"]
[BlackFideId "2820242"]
[EventDate "2025.10.05"]

1. d4 Nf6 2. c4 g6 3. Nc3 Bg7 4. e4 d6 5. f3 O-O 6. Bg5 c5 7. d5 e6 8. Qd2 exd5
9. cxd5 a6 10. a4 Re8 11. Nge2 Nbd7 12. Ng3 h5 13. Be2 h4 14. Nf1 c4 15. Ne3 Nc5
16. Qc2 h3 17. O-O Nb3 18. Rad1 hxg2 19. Kxg2 Ng4 20. Bf4 Nxe3+ 21. Bxe3 Qh4 22.
Kh1 Bh3 23. Rg1 Rac8 24. Rg3 Bd7 25. Bxc4 Rxc4 26. Qxb3 b5 27. axb5 axb5 28.
Nxb5 Rec8 29. Nxd6 Rc2 30. Rd2 Rxd2 31. Bxd2 Be5 32. Bg5 Rc1+ 33. Bxc1 Bxg3 34.
Qc2 Bxd6 35. Be3 Qe1+ 36. Bg1 Bh3 37. Qf2 Qd1 38. Qe3 Bc5 0-1

[Event "25th European Teams"]
[Site "Batumi GEO"]
[Date "2025.10.05"]
[Round "1.19"]
[Board "3"]
[White "Boruchovsky, Avital"]
[Black "Grant, Jonathan I M"]
[Result "1-0"]
[WhiteTitle "GM"]
[WhiteElo "2509"]
[BlackElo "2134"]
[WhiteTeam "Israel"]
[BlackTeam "Scotland"]
[WhiteFideId "2800055"]
[BlackFideId "2400294"]
[EventDate "2025.10.05"]

1. e4 c6 2. d4 d5 3. e5 Bf5 4. Bd3 Bxd3 5. Qxd3 e6 6. Ne2 c5 7. c3 Nc6 8. O-O
Be7 9. Nd2 Qc7 10. Qg3 g6 11. Nf3 h5 12. dxc5 Bxc5 13. Bg5 Be7 14. c4 h4 15. Qf4
dxc4 16. Nc3 Bxg5 17. Nxg5 Nh6 18. Rfe1 O-O-O 19. Nb5 Qe7 20. Nd6+ Kb8 21. Rad1
Rd7 22. Nge4 Nf5 23. Nc5 Rc7 24. Qxc4 Nxe5 25. Qb4 Nxd6 26. Na6+ Kc8 27. Nxc7
Nf3+ 28. gxf3 Kxc7 29. Qc3+ 1-0

[Event "25th European Teams"]
[Site "Batumi GEO"]
[Date "2025.10.05"]
[Round "1.19"]
[Board "4"]
[White "Morrison, Chris"]
[Black "Parkhov, Yair"]
[Result "0-1"]
[BlackTitle "GM"]
[WhiteElo "2174"]
[BlackElo "2503"]
[WhiteTeam "Scotland"]
[BlackTeam "Israel"]
[WhiteFideId "2400235"]
[BlackFideId "2813408"]
[EventDate "2025.10.05"]

1. e4 c5 2. Nc3 d6 3. g3 Nc6 4. Bg2 g6 5. d3 Bg7 6. Be3 Rb8 7. Qd2 b5 8. Nge2 b4
9. Nd1 h5 10. h3 e6 11. f4 Nge7 12. O-O a5 13. f5 exf5 14. exf5 Bxf5 15. d4 Qb6
16. dxc5 dxc5 17. Nf4 Nd4 18. Qf2 Rc8 19. c3 Ne6 20. g4 hxg4 21. hxg4 Nxf4 22.
gxf5 Nxg2 23. Qxg2 gxf5 24. Bf4 Rg8 25. Kh2 Be5 26. Qxg8+ Nxg8 27. Bxe5 Qh6+ 28.
Kg3 Rc6 29. Bf4 Rg6+ 30. Kf3 Qh5+ 31. Kf2 Nf6 32. Ne3 Ne4+ 33. Ke1 bxc3 34. bxc3
Rb6 35. Nc4 Re6 36. Be3 Ng3 0-1

[Event "25th European Teams"]
[Site "Batumi GEO"]
[Date "2025.10.05"]
[Round "1.20"]
[Board "1"]
[White "Nemeth, Zalan"]
[Black "Moroni, Luca Jr"]
[Result "1/2-1/2"]
[WhiteTitle "FM"]
[BlackTitle "GM"]
[WhiteElo "2212"]
[BlackElo "2544"]
[WhiteTeam "Ireland"]
[BlackTeam "Italy"]
[WhiteFideId "2512041"]
[BlackFideId "865834"]
[EventDate "2025.10.05"]

1. d4 d5 2. c4 e6 3. Nf3 c6 4. g3 dxc4 5. Bg2 b5 6. O-O Nd7 7. a4 Bb7 8. b3 cxb3
9. Nbd2 a5 10. Nxb3 b4 11. Bb2 Ngf6 12. Rc1 Be7 13. Nfd2 Nd5 14. Ne4 O-O 15.
Nec5 Nxc5 16. Nxc5 Bxc5 17. Rxc5 Qb6 18. Qb3 Rac8 19. Rfc1 h6 20. h4 Nf6 21. e3
Nd7 22. R5c4 c5 23. dxc5 Nxc5 24. Rxc5 Rxc5 25. Rxc5 Bxg2 26. Qc4 Ba8 27. Rb5
Qc6 28. Qxc6 Bxc6 29. Rxa5 Rd8 30. Bd4 h5 31. f4 b3 32. Ra6 Bd5 33. Rb6 Ra8 34.
Rb4 Rc8 35. e4 Bxe4 36. Rxb3 Rc4 37. Bc3 Bc2 38. Ra3 Bxa4 39. Kf2 Kh7 40. Bd2
Kg6 41. Rc3 Rd4 42. Be3 Rb4 43. Rc5 Rb2+ 44. Kg1 f6 45. f5+ exf5 46. Bf4 Bc2 47.
Rc7 Be4 48. Rc3 Ra2 49. Kf1 Ra6 50. Kf2 Bc6 51. Rd3 Kf7 52. Re3 Be4 53. Rc3 Ra2+
54. Ke1 Ke6 55. Rc7 g6 56. Rg7 Bf3 57. Kf1 Bg4 58. Ke1 Rh2 59. Kf1 Bf3 60. Kg1
Ra2 61. Kf1 Bc6 62. Rc7 Bd7 63. Ke1 Ra8 64. Rb7 Rg8 65. Rb6+ Kf7 66. Rb8 Bc8 67.
Kf2 Ke7 68. Kf3 Kd7 69. Rb6 g5 70. Bd2 f4 71. Rxf6 Bb7+ 72. Kf2 gxh4 73. gxh4
Rg2+ 74. Ke1 Rg1+ 75. Kf2 Rg2+ 76. Ke1 f3 77. Rf7+ Kc8 78. Rf8+ Kc7 79. Rf7+ Kb6
80. Be3+ Ka6 81. Rf6+ Ka5 82. Bf2 Rg8 83. Rf5+ Kb4 84. Rxh5 Re8+ 85. Kf1 Be4 86.
Kg1 Kc4 87. Kh2 Rg8 88. Rg5 Rxg5 1/2-1/2

[Event "25th European Teams"]
[Site "Batumi GEO"]
[Date "2025.10.05"]
[Round "1.20"]
[Board "2"]
[White "Brunello, Sabino"]
[Black "Melaugh, Shane"]
[Result "1-0"]
[WhiteTitle "GM"]
[BlackTitle "CM"]
[WhiteElo "2493"]
[BlackElo "2192"]
[WhiteTeam "Italy"]
[BlackTeam "Ireland"]
[WhiteFideId "813613"]
[BlackFideId "2509580"]
[EventDate "2025.10.05"]

1. d4 d5 2. c4 e6 3. Nc3 Nf6 4. cxd5 exd5 5. Bg5 Be7 6. e3 h6 7. Bh4 O-O 8. Bd3
Re8 9. Nge2 c6 10. O-O Ne4 11. Bxe7 Qxe7 12. Bxe4 dxe4 13. Ng3 f5 14. f3 exf3
15. Rxf3 Be6 16. Qd3 Qg5 17. e4 fxe4 18. Ncxe4 Qe7 19. Nh5 Nd7 20. Rg3 g5 21.
Nef6+ Nxf6 22. Qg6+ Kh8 23. Nxf6 Qg7 24. Qxg7+ Kxg7 25. Nxe8+ Rxe8 26. Re1 Kf6
27. Rf3+ Ke7 28. Rh3 Kd6 29. Rxh6 g4 30. a3 Re7 31. Kf2 Kd7 32. Kg3 b6 33. b4
Kd6 34. Re5 Re8 35. Rg6 a6 36. a4 Kd7 37. a5 bxa5 38. bxa5 Kd6 39. Kf4 Kd7 40.
Ke3 Re7 41. Kd2 Kd6 42. Kc3 Re8 43. Rxg4 1-0

[Event "25th European Teams"]
[Site "Batumi GEO"]
[Date "2025.10.05"]
[Round "1.20"]
[Board "3"]
[White "Tureshbayev, Anuar"]
[Black "Lodici, Lorenzo"]
[Result "0-1"]
[WhiteTitle "CM"]
[BlackTitle "GM"]
[WhiteElo "2285"]
[BlackElo "2560"]
[WhiteTeam "Ireland"]
[BlackTeam "Italy"]
[WhiteFideId "651081709"]
[BlackFideId "884189"]
[EventDate "2025.10.05"]

1. e4 c6 2. d4 d5 3. Nc3 dxe4 4. Nxe4 Nd7 5. Nf3 Ngf6 6. Nxf6+ Nxf6 7. h3 Bf5 8.
Bd3 Bxd3 9. Qxd3 e6 10. Bf4 a5 11. a4 Be7 12. O-O Nd5 13. Bg3 Nb4 14. Qe2 O-O
15. c3 Nd5 16. Rfd1 Qb6 17. Qc2 Qa6 18. Ne5 b5 19. axb5 cxb5 20. b4 a4 21. Nd7
Rfc8 22. Nc5 Qc6 23. c4 Nb6 24. d5 exd5 25. cxd5 Nxd5 26. Qe4 Bxc5 27. bxc5 Re8
28. Qxd5 Re1+ 29. Kh2 Qxd5 30. Rxd5 Rxa1 31. c6 Re1 32. Be5 f6 33. Bc3 Rc1 0-1

[Event "25th European Teams"]
[Site "Batumi GEO"]
[Date "2025.10.05"]
[Round "1.20"]
[Board "4"]
[White "Sonis, Francesco"]
[Black "O'Gorman, Alice"]
[Result "1-0"]
[WhiteTitle "GM"]
[WhiteElo "2561"]
[BlackElo "1960"]
[WhiteTeam "Italy"]
[BlackTeam "Ireland"]
[WhiteFideId "895733"]
[BlackFideId "2508214"]
[EventDate "2025.10.05"]

1. Nf3 c5 2. c4 Nc6 3. Nc3 g6 4. e3 Bg7 5. d4 d6 6. Be2 Nf6 7. d5 Na5 8. O-O O-O
9. h3 e5 10. a3 b6 11. Nd2 Ne8 12. e4 f5 13. exf5 gxf5 14. Qc2 e4 15. b4 Nb7 16.
Bb2 Qh4 17. Nd1 Bxb2 18. Nxb2 Rf6 19. Kh2 Rg6 20. Qc3 Nf6 21. f4 Bd7 22. g3 Qh6
23. Rg1 Re8 24. Nd1 Qg7 25. Rc1 Kh8 26. Ne3 h5 27. Ng2 Qh6 28. Nf1 Kh7 29. Nfe3
Reg8 30. Nh4 Rxg3 31. Rxg3 Qxf4 32. Neg2 Qf2 33. Qe3 1-0

[Event "25th European Teams"]
[Site "Batumi GEO"]
[Date "2025.10.06"]
[Round "2.1"]
[Board "1"]
[White "Giri, Anish"]
[Black "Wojtaszek, Radoslaw"]
[Result "1/2-1/2"]
[WhiteTitle "GM"]
[BlackTitle "GM"]
[WhiteElo "2759"]
[BlackElo "2654"]
[WhiteTeam "Netherlands"]
[BlackTeam "Poland"]
[WhiteFideId "24116068"]
[BlackFideId "1118358"]
[EventDate "2025.10.05"]

1. e4 e5 2. Nf3 Nc6 3. Bb5 a6 4. Ba4 Nf6 5. d3 b5 6. Bb3 Be7 7. a4 b4 8. Nbd2 d6
9. Nc4 O-O 10. Be3 Be6 11. Qe2 Ng4 12. Bd2 d5 13. exd5 Bxd5 14. O-O-O Bc5 15.
Be3 Qe7 16. Nfd2 Nxe3 17. fxe3 Kh8 18. Ne4 f5 19. Nxc5 Qxc5 20. Kb1 Rae8 21.
Rhe1 Qe7 22. Nd2 Bxb3 23. Nxb3 Rf6 24. g3 Qf7 25. Qg2 Rd8 26. Rf1 Ne7 27. Qe2
Nc6 28. Qg2 Ne7 29. Qe2 Nc6 30. Rf2 h6 31. Rdf1 Rf8 32. d4 exd4 33. exd4 Rd8 34.
Qxa6 Nxd4 35. Qd3 c5 36. Nxc5 1/2-1/2

[Event "25th European Teams"]
[Site "Batumi GEO"]
[Date "2025.10.06"]
[Round "2.1"]
[Board "2"]
[White "Gumularz, Szymon"]
[Black "Van Foreest, Jorden"]
[Result "1/2-1/2"]
[WhiteTitle "GM"]
[BlackTitle "GM"]
[WhiteElo "2592"]
[BlackElo "2697"]
[WhiteTeam "Poland"]
[BlackTeam "Netherlands"]
[WhiteFideId "1188062"]
[BlackFideId "1039784"]
[EventDate "2025.10.05"]

1. e4 c5 2. Nf3 d6 3. d4 cxd4 4. Nxd4 Nf6 5. Nc3 a6 6. Be2 e5 7. Nb3 Be7 8. Be3
Be6 9. O-O O-O 10. Bf3 Qc7 11. a4 Rc8 12. Re1 Nbd7 13. h3 Qc6 14. a5 Bd8 15. Re2
b5 16. axb6 Bxb6 17. Bxb6 Qxb6 18. Rd2 Rc6 19. Na5 Rc7 20. Nb3 Rc6 21. Na5 Rc7
22. Nb3 1/2-1/2

[Event "25th European Teams"]
[Site "Batumi GEO"]
[Date "2025.10.06"]
[Round "2.1"]
[Board "3"]
[White "Van Wely, Loek"]
[Black "Teclaf, Pawel"]
[Result "1/2-1/2"]
[WhiteTitle "GM"]
[BlackTitle "GM"]
[WhiteElo "2630"]
[BlackElo "2563"]
[WhiteTeam "Netherlands"]
[BlackTeam "Poland"]
[WhiteFideId "1000268"]
[BlackFideId "1185934"]
[EventDate "2025.10.05"]

1. c4 Nf6 2. Nf3 b6 3. Nc3 Bb7 4. d4 e6 5. a3 d5 6. cxd5 Nxd5 7. Qa4+ c6 8. e4
Nxc3 9. bxc3 Be7 10. Bd3 Nd7 11. Qc2 c5 12. O-O cxd4 13. cxd4 O-O 14. Bb2 Rc8
15. Qe2 Qc7 16. Rfe1 Rfd8 17. Rad1 Bf6 18. h4 e5 19. Bb5 exd4 20. Nxd4 Ne5 21.
Nf5 g6 22. Rc1 Qb8 23. Nh6+ Kg7 24. Qe3 Rxc1 25. Rxc1 Qd6 26. Qf4 Bxe4 27. Qxe4
Kxh6 28. Be2 Ng4 29. Qxg4 Bxb2 30. Rd1 Bd4 31. Rd3 Qf6 32. Qg3 Kg7 33. h5 Re8
34. Kf1 Bc5 35. Qf3 Qe5 36. Rd7 Re7 37. Rxe7 Bxe7 38. hxg6 hxg6 39. a4 Qa1+ 40.
Bd1 a6 41. g3 Bc5 42. Kg2 Qb2 43. Bb3 f5 44. Bc4 b5 45. axb5 axb5 46. Qe2 Qxe2
47. Bxe2 b4 48. f4 b3 49. Kf3 b2 50. Bd3 Kf6 51. g4 fxg4+ 52. Kxg4 Be3 53. Bc2
b1=R 54. Bxb1 Bxf4 55. Bxg6 Kxg6 56. Kxf4 1/2-1/2